000 00512nam a22002057a 4500
003 OSt
005 20260127154356.0
007
008 260127b |||||||| |||| 00| 0 eng d
010 _a
020 _a9789366165882
041 _aEng
082 _26TH
_a150/SRE
100 _aSreevsni R
_9216498
245 _aApplied Psychology For Nurses (Semester I)
260 _aNew Delhi
_bJaypee Brothers Medical Publishers
_c2025
300 _aP. 291
610 _aPsychology
_9212782
942 _2ddc
_cDB
999 _c370179
_d370179